<?xml version="1.0" encoding="UTF-8"?>
<marc:record xmlns:marc="http://www.loc.gov/MARC21/slim">
   <marc:leader>00000nam a2200000 a 4500</marc:leader>
   <marc:datafield ind1="0" ind2="0" tag="245">
      <marc:subfield code="a">One battle after another</marc:subfield>
   </marc:datafield>
   <marc:datafield ind1="0" ind2="0" tag="245">
      <marc:subfield code="b">von Autor/Regisseur Paul Thomas Anderson</marc:subfield>
   </marc:datafield>
   <marc:datafield ind1=" " ind2="1" tag="264">
      <marc:subfield code="b">Warner Bros. Pictures</marc:subfield>
      <marc:subfield code="c">2026</marc:subfield>
   </marc:datafield>
   <marc:datafield ind1="1" ind2=" " tag="520">
      <marc:subfield code="a">Der abgehalfterte Revolutionär Bob (Leonardo DiCaprio) fristet sein Dasein in einem Rausch aus Drogen und ständiger Paranoia. Mit seiner Tochter Willa (Chase Infiniti) hat er sich weit abseits der Gesellschaft in die Einsamkeit zurückgezogen. Als Bobs finsterer Erzfeind Colonel Steven J. Lockjaw (Sean Penn) nach 16 Jahren wieder auftaucht, müssen sich Vater und Tochter Bobs Vergangenheit stellen, um für sich selbst eine Zukunft zu erkämpfen. In weiteren Rollen sind Benicio Del Toro, Regina Hall und Teyana Taylor zu sehen.</marc:subfield>
   </marc:datafield>
   <marc:datafield ind1="3" ind2=" " tag="024">
      <marc:subfield code="a">5051890343413</marc:subfield>
   </marc:datafield>
   <marc:datafield ind1=" " ind2=" " tag="041">
      <marc:subfield code="a">ger</marc:subfield>
   </marc:datafield>
   <marc:datafield ind1="1" ind2=" " tag="521">
      <marc:subfield code="a">FSK ab 16 freigegeben</marc:subfield>
   </marc:datafield>
   <marc:datafield ind1="1" ind2=" " tag="521">
      <marc:subfield code="a">16</marc:subfield>
   </marc:datafield>
   <marc:datafield ind1=" " ind2=" " tag="338">
      <marc:subfield code="a">Videodisk</marc:subfield>
   </marc:datafield>
   <marc:datafield ind1=" " ind2=" " tag="300">
      <marc:subfield code="a">1 DVD</marc:subfield>
   </marc:datafield>
</marc:record>
